00624 2200241 4500001002100000005001700021008004100038020001800079035002400097082001000121090001700131100002200148245005600170250001100226260003200237300002200269650002000291700002100311850001300332980001500345985000600360999001600366YOGYA-0209000002095220090227023457.0 ind  a979-518-320-6 0010-020900000020952 a641.5 a641.5bSus A aSUSMIYATI, Nyonya aAneka masakan SumatracNy. Susmiyati,Ny. H. Asnidar aCet. 1 aJakartabRineka ciptac1994 aix,105 hlmc21 cm aMasakan Sumatra aAsnidar,H,Nyonya aYOPDYOGB a24-07-2006 a1 a98P0 113040